000 01710nam a2200505 i 4500
001 2623
003 KOSZ 005
005 20200526141827.0
008 200526s1985 pl a f 000 0 pol
015 _aUWD 1986/667
035 _a991007929819705066
035 _a(PL-WaBN)b12045019-48omnis_nlop
035 _ab12045019
035 _a(OCoLC)750895373
035 _a(PL)b0000001204501
035 _a(EXLNZ-48OMNIS_NETWORK)9910151169905606
040 _aWA N
_cWA N
_dKOSZ 005/AR
046 _k1985
080 _a69
080 _a725
080 _a(075.8)
100 1 _aMrozek, Wincenty
_eAutor
245 1 0 _aBudownictwo przemysłowe.
_nCz. 1,
_pWybrane zagadnienia /
_cWincenty Mrozek.
260 _aBiałystok :
_bWydawnictwa Politechniki Białostockiej,
_c1985.
300 _a240, [1] strona :
_bilustracje ;
_c24 cm.
336 _aTekst
_btxt
_2rdacontent
337 _aBez urządzenia pośredniczącego
_bn
_2rdamedia
338 _aWolumin
_bnc
_2rdacarrier
380 _aKsiążki
380 _aPublikacje fachowe
380 _aPublikacje dydaktyczne
380 _aPublikacje naukowe
388 _a1901-2000
388 _a1945-1989
490 1 _aSkrypt / Politechnika Białostocka
504 _aBibliografia na stronach 240-241.
650 7 _aBudownictwo przemysłowe
_2DBN
655 7 _aPodręczniki akademickie
_2DBN
658 _aArchitektura i budownictwo
710 2 _4pbl
_aOficyna Wydawnicza Politechniki Białostockiej
830 0 _aSkrypty - Politechnika Białostocka
856 _uhttp://koha.tu.koszalin.pl/cgi-bin/koha/opac-detail.pl?biblionumber=2623
_yKatalog online BPK
942 _2UKD
_cKS
999 _c2623
_d2623